[Event "PNWCC Online Masters"]
[Site "Chess.com INT"]
[Date "2020.05.24"]
[Round "4.42"]
[White "Harish, Neeraj"]
[Black "Li, David Xinjian"]
[Result "0-1"]
[WhiteElo "1472"]
[BlackElo "1672"]
[PlyCount "84"]
[EventDate "2020.05.23"]
[EventType "swiss (rapid)"]
[EventRounds "9"]
[EventCountry "USA"]
[SourceTitle "CBM 196 Extra"]
[Source "ChessBase"]
[SourceDate "2020.07.31"]
[SourceVersion "1"]
[SourceVersionDate "2020.07.31"]
[SourceQuality "1"]

1. e4 c5 2. Nf3 d6 3. d4 cxd4 4. Nxd4 Nf6 5. Nc3 g6 6. Be3 Bg7 7. f3 0-0 8. Bc4 Nc6 9. Qd2 Ne5 10. Bb3 Bd7 11. 0-0-0 Qa5 12. h4 h5 13. Kb1 Rfc8 14. g4 hxg4 15. h5 Nxh5 16. f4 Nc4 17. Bxc4 Rxc4 18. f5 Rxc3 19. bxc3 Ng3 20. Nb3 Qxc3 21. Qxc3 Bxc3 22. Rhg1 Nxe4 23. fxg6 fxg6 24. Rd3 Bf6 25. Bd4 Bg5 26. Rh1 e5 27. Be3 Bxe3 28. Rxe3 Bf5 29. Rd1 Rc8 30. Kb2 Kf7 31. Rf1 Ke6 32. Rd1 Rc6 33. Rde1 d5 34. Rd1 b6 35. a4 Rc4 36. a5 b5 37. Rh1 Nf2 38. Rc1 d4 39. Re2 Ne4 40. Rce1 Kd5 41. Nd2 Nxd2 42. Rxd2 e4 0-1

[Event "PNWCC Online Masters"]
[Site "Chess.com INT"]
[Date "2020.05.23"]
[Round "3.37"]
[White "Wang, Alex Yuxuan"]
[Black "Li, David Xinjian"]
[Result "1-0"]
[WhiteElo "1983"]
[BlackElo "1672"]
[PlyCount "135"]
[EventDate "2020.05.23"]
[EventType "swiss (rapid)"]
[EventRounds "9"]
[EventCountry "USA"]
[SourceTitle "CBM 196 Extra"]
[Source "ChessBase"]
[SourceDate "2020.07.31"]
[SourceVersion "1"]
[SourceVersionDate "2020.07.31"]
[SourceQuality "1"]

1. d4 Nf6 2. Nf3 d5 3. c4 e6 4. Nc3 c6 5. e3 Bd6 6. Qc2 Nbd7 7. Be2 b6 8. 0-0 c5 9. cxd5 exd5 10. Rd1 Bb7 11. b3 0-0 12. Bb2 Rc8 13. Qf5 Qe7 14. Rac1 Rfe8 15. Bb5 Qe6 16. Qxe6 fxe6 17. Ne5 Red8 18. Nxd7 Nxd7 19. Na4 a6 20. Bxd7 Rxd7 21. Nxb6 Rdc7 22. Nxc8 Rxc8 23. Ba3 Bb8 24. Rxc5 Rd8 25. Rc3 Rd7 26. Rdc1 Kf7 27. Bb4 Kf6 28. a4 h6 29. Bc5 Kf7 30. b4 Rc7 31. Bb6 Rd7 32. b5 Bd6 33. Bc5 Bb8 34. Rb3 Bc7 35. g3 g6 36. Kg2 h5 37. Ra1 Kf6 38. a5 Kf7 39. bxa6 Bxa6 40. Bb6 Bd6 41. Rc3 Ke8 42. Rc6 Bb7 43. Rc3 Ba6 44. Bc5 Bc7 45. Bb4 Bb8 46. Rc6 Bb7 47. Rxe6+ Kf7 48. Re7+ Rxe7 49. Bxe7 Kxe7 50. Rb1 Ba6 51. Rxb8 Kd7 52. Rb6 Bc8 53. a6 Kc7 54. a7 Bb7 55. Rxg6 Ba8 56. Rg7+ Kb6 57. h4 Bb7 58. g4 hxg4 59. h5 Kxa7 60. h6 Kb6 61. h7 Bc6 62. h8Q Kb5 63. Qb8+ Kc4 64. Rc7 Kd3 65. Rxc6 g3 66. Qb1+ Kd2 67. Qc1+ Kd3 68. Qc2# 1-0